000 00746nam a2200205Ia 4500
005 20241129110145.0
008 241129s9999||||xx |||||||||||||| ||und||
037 _aTB
040 _aARTS
_bpun
_cARTS
041 _apun
_2pun
084 _aNR4443wN47 153R2
_qARTS
100 _aਵਾਲਾ, ਸੇਖੋਂ ਜੰਡ, ਥਦ।
_9162057
245 0 _aਗੀਤਾਂ ਦੀ ਖ਼ੁਸ਼ਬੋ
_cਵਾਲਾ, ਸੇਖੋਂ ਜੰਡ, ਥਦ।
260 _aਪਟਿਆਲਾ, ਭਾਰਤ
_bਪਟਿਆਲਾ ਕੈਲੀਬਰ ਪਬਲੀਕੇਸ਼ਨ
_c2019
300 _a183ਪ੍ਰ0
365 _aINR
_b280
650 _aArtsMusic-India
_9727437
942 _cTB
_hNR4443wN47 153R2
999 _c1227529
_d1227529